<?xml version="1.0" encoding="UTF-8"?>
<record
    xmlns:xsi="http://www.w3.org/2001/XMLSchema-instance"
    xsi:schemaLocation="http://www.loc.gov/MARC21/slim http://www.loc.gov/standards/marcxml/schema/MARC21slim.xsd"
    xmlns="http://www.loc.gov/MARC21/slim">

  <leader>00707nam a22001577a 4500</leader>
  <controlfield tag="003">OSt</controlfield>
  <controlfield tag="005">20150913085858.0</controlfield>
  <controlfield tag="008">150913b        xxu||||| |||| 00| 0 eng d</controlfield>
  <datafield tag="040" ind1=" " ind2=" ">
    <subfield code="c">RUA</subfield>
  </datafield>
  <datafield tag="082" ind1=" " ind2=" ">
    <subfield code="a">AGR &#x1797;&#x17BB;&#x17C6;&#x200B; 1996 B016 Or.1</subfield>
  </datafield>
  <datafield tag="100" ind1=" " ind2=" ">
    <subfield code="9">358</subfield>
    <subfield code="a">&#x1797;&#x17BB;&#x17C6; &#x179C;&#x178E;&#x17D2;&#x178E;&#x17B6;&#x179A;&#x17C9;&#x17B6;</subfield>
  </datafield>
  <datafield tag="245" ind1=" " ind2=" ">
    <subfield code="a">Rice bronzing disease at toul kok trap, savay reing province : what is the cause &#x1798;&#x17BC;&#x179B;&#x17A0;&#x17C1;&#x178F;&#x17BB;&#x178A;&#x17C2;&#x179B;&#x1794;&#x178E;&#x17D2;&#x178F;&#x17B6;&#x179B;&#x17A2;&#x17C4;&#x1799;&#x1780;&#x17BE;&#x178F;&#x1787;&#x17C6;&#x1784;&#x17BA;&#x17A2;&#x17BB;&#x1787;&#x1781;&#x17D2;&#x1798;&#x17C5;&#x1785;&#x17C6;&#x1796;&#x17C4;&#x17C7;&#x178A;&#x17C6;&#x178E;&#x17B6;&#x17C6;&#x179F;&#x17D2;&#x179A;&#x17BC;&#x179C;&#x1793;&#x17C5;&#x179B;&#x17BE;&#x178A;&#x17B8;&#x1791;&#x17BD;&#x179B;&#x1782;&#x17C4;&#x1780;&#x178F;&#x17D2;&#x179A;&#x17A1;&#x1794;&#x17CB; &#x1781;&#x17C1;&#x178F;&#x17D2;&#x178F;&#x179F;&#x17D2;&#x179C;&#x17B6;&#x1799;&#x179A;&#x17C0;&#x1784;</subfield>
  </datafield>
  <datafield tag="260" ind1=" " ind2=" ">
    <subfield code="a">Phnom Penh </subfield>
    <subfield code="b">RUA</subfield>
    <subfield code="c">1996</subfield>
  </datafield>
  <datafield tag="300" ind1=" " ind2=" ">
    <subfield code="a">73p.</subfield>
    <subfield code="b">ill.</subfield>
    <subfield code="c">29cm.</subfield>
  </datafield>
  <datafield tag="942" ind1=" " ind2=" ">
    <subfield code="2">ddc</subfield>
    <subfield code="c">AGR</subfield>
  </datafield>
  <datafield tag="999" ind1=" " ind2=" ">
    <subfield code="c">340</subfield>
    <subfield code="d">340</subfield>
  </datafield>
  <datafield tag="952" ind1=" " ind2=" ">
    <subfield code="0">0</subfield>
    <subfield code="1">0</subfield>
    <subfield code="2">ddc</subfield>
    <subfield code="4">0</subfield>
    <subfield code="6">AGR_&#x1797;&#x17BB;&#x17C6;_1996_000000000000000_B016_OR_1</subfield>
    <subfield code="7">0</subfield>
    <subfield code="9">1572</subfield>
    <subfield code="a">LBB</subfield>
    <subfield code="b">LBB</subfield>
    <subfield code="d">2015-09-13</subfield>
    <subfield code="o">AGR &#x1797;&#x17BB;&#x17C6;&#x200B; 1996 B016 Or.1</subfield>
    <subfield code="p">RUA005122</subfield>
    <subfield code="r">2015-09-13</subfield>
    <subfield code="w">2015-09-13</subfield>
    <subfield code="y">AGR</subfield>
  </datafield>
  <datafield tag="952" ind1=" " ind2=" ">
    <subfield code="0">0</subfield>
    <subfield code="1">0</subfield>
    <subfield code="2">ddc</subfield>
    <subfield code="4">0</subfield>
    <subfield code="6">AGR_&#x1797;&#x17BB;&#x17C6;_1996_000000000000000_B016_OR_2</subfield>
    <subfield code="7">0</subfield>
    <subfield code="9">1573</subfield>
    <subfield code="a">LBB</subfield>
    <subfield code="b">LBB</subfield>
    <subfield code="d">2015-09-13</subfield>
    <subfield code="o">AGR &#x1797;&#x17BB;&#x17C6;&#x200B; 1996 B016 Or.2</subfield>
    <subfield code="p">RUA005194</subfield>
    <subfield code="r">2015-09-13</subfield>
    <subfield code="w">2015-09-13</subfield>
    <subfield code="y">AGR</subfield>
  </datafield>
  <datafield tag="952" ind1=" " ind2=" ">
    <subfield code="0">0</subfield>
    <subfield code="1">0</subfield>
    <subfield code="2">ddc</subfield>
    <subfield code="4">0</subfield>
    <subfield code="6">AGR_&#x1797;&#x17BB;&#x17C6;_1996_000000000000000_B016_OR_3</subfield>
    <subfield code="7">0</subfield>
    <subfield code="9">1574</subfield>
    <subfield code="a">LBB</subfield>
    <subfield code="b">LBB</subfield>
    <subfield code="d">2015-09-13</subfield>
    <subfield code="o">AGR &#x1797;&#x17BB;&#x17C6;&#x200B; 1996 B016 Or.3</subfield>
    <subfield code="p">RUA004365</subfield>
    <subfield code="r">2015-09-13</subfield>
    <subfield code="w">2015-09-13</subfield>
    <subfield code="y">AGR</subfield>
  </datafield>
  <datafield tag="952" ind1=" " ind2=" ">
    <subfield code="0">0</subfield>
    <subfield code="1">0</subfield>
    <subfield code="2">ddc</subfield>
    <subfield code="4">0</subfield>
    <subfield code="6">AGR_&#x1797;&#x17BB;&#x17C6;_1996_000000000000000_B016_OR_4</subfield>
    <subfield code="7">0</subfield>
    <subfield code="9">1575</subfield>
    <subfield code="a">LBB</subfield>
    <subfield code="b">LBB</subfield>
    <subfield code="d">2015-09-13</subfield>
    <subfield code="o">AGR &#x1797;&#x17BB;&#x17C6;&#x200B; 1996 B016 Or.4</subfield>
    <subfield code="p">RUA004293</subfield>
    <subfield code="r">2015-09-13</subfield>
    <subfield code="w">2015-09-13</subfield>
    <subfield code="y">AGR</subfield>
  </datafield>
  <datafield tag="952" ind1=" " ind2=" ">
    <subfield code="0">0</subfield>
    <subfield code="1">0</subfield>
    <subfield code="2">ddc</subfield>
    <subfield code="4">0</subfield>
    <subfield code="6">AGR_&#x1797;&#x17BB;&#x17C6;_1996_000000000000000_B016_OR_5</subfield>
    <subfield code="7">0</subfield>
    <subfield code="9">1576</subfield>
    <subfield code="a">LBB</subfield>
    <subfield code="b">LBB</subfield>
    <subfield code="d">2015-09-13</subfield>
    <subfield code="o">AGR &#x1797;&#x17BB;&#x17C6;&#x200B; 1996 B016 Or.5</subfield>
    <subfield code="p">RUA004161</subfield>
    <subfield code="r">2015-09-13</subfield>
    <subfield code="w">2015-09-13</subfield>
    <subfield code="y">AGR</subfield>
  </datafield>
  <datafield tag="952" ind1=" " ind2=" ">
    <subfield code="0">0</subfield>
    <subfield code="1">0</subfield>
    <subfield code="2">ddc</subfield>
    <subfield code="4">0</subfield>
    <subfield code="6">AGR_&#x1797;&#x17BB;&#x17C6;_1996_000000000000000_B016_OR_6</subfield>
    <subfield code="7">0</subfield>
    <subfield code="9">1577</subfield>
    <subfield code="a">LBB</subfield>
    <subfield code="b">LBB</subfield>
    <subfield code="d">2015-09-13</subfield>
    <subfield code="o">AGR &#x1797;&#x17BB;&#x17C6;&#x200B; 1996 B016 Or.6</subfield>
    <subfield code="p">RUA004221</subfield>
    <subfield code="r">2015-09-13</subfield>
    <subfield code="w">2015-09-13</subfield>
    <subfield code="y">AGR</subfield>
  </datafield>
  <datafield tag="952" ind1=" " ind2=" ">
    <subfield code="0">0</subfield>
    <subfield code="1">0</subfield>
    <subfield code="2">ddc</subfield>
    <subfield code="4">0</subfield>
    <subfield code="6">AGR_&#x1797;&#x17BB;&#x17C6;_1996_000000000000000_B016_OR_7</subfield>
    <subfield code="7">0</subfield>
    <subfield code="9">1578</subfield>
    <subfield code="a">LBB</subfield>
    <subfield code="b">LBB</subfield>
    <subfield code="d">2015-09-13</subfield>
    <subfield code="o">AGR &#x1797;&#x17BB;&#x17C6;&#x200B; 1996 B016 Or.7</subfield>
    <subfield code="p">RUA005125</subfield>
    <subfield code="r">2015-09-13</subfield>
    <subfield code="w">2015-09-13</subfield>
    <subfield code="y">AGR</subfield>
  </datafield>
  <datafield tag="952" ind1=" " ind2=" ">
    <subfield code="0">0</subfield>
    <subfield code="1">0</subfield>
    <subfield code="2">ddc</subfield>
    <subfield code="4">0</subfield>
    <subfield code="6">AGR_&#x1797;&#x17BB;&#x17C6;_1996_000000000000000_B016_OR_8</subfield>
    <subfield code="7">0</subfield>
    <subfield code="9">1579</subfield>
    <subfield code="a">LBB</subfield>
    <subfield code="b">LBB</subfield>
    <subfield code="d">2015-09-13</subfield>
    <subfield code="o">AGR &#x1797;&#x17BB;&#x17C6;&#x200B; 1996 B016 Or.8</subfield>
    <subfield code="p">RUA004431</subfield>
    <subfield code="r">2015-09-13</subfield>
    <subfield code="w">2015-09-13</subfield>
    <subfield code="y">AGR</subfield>
  </datafield>
</record>
